000 01219nam a2200313 i 4500
003 EG-GICUC
005 20260208220038.0
008 260208s1975 ua ||||fr|||| 00| 0 ara d
040 _a EG-GICUC
_bara
_c EG-GICUC
_d EG-GICUC
_erda
041 _aara
082 0 4 _221
_a343.4
_bع ب . ت
092 0 4 _221
099 _aLaw1 10 343.4 ع ب . ت1975
100 0 _aعبد القادر عودة
_eمؤلف.
245 1 2 _aالتشريع الجنائي الإسلامى :
_bمقارنا مع القانون الوضعي /
_cتأليف عبد القادر عودة.
_nالجزء الثاني،
264 1 _aبيروت :
_bدار الكاتب العربى،
_c{1975}.
300 _a758 صفحة ;
_c24 سم.
336 _2rda content
_atext
337 _2rda media
_aComputer
338 _2rda carrier
_aOnline Resource
490 _aسلسة الثقافة العامة ;
504 _aيشتمل على إرجاعات ببليوجرافية.
546 _aالنص باللغة العربية
650 1 _aالقانون الجنائي
650 1 _aالتشريعات الجنائية الخاصة
856 4 0 _uhttps://fll.law.cu.edu.eg/fulltext/bks/B10-04795.pdf
905 _a43
942 _2ddc
_n0
_cBK
_e21
999 _c61710
_d61710